Water management / (Record no. 329815)
[ view plain ]
| 000 -LEADER | |
|---|---|
| fixed length control field | 00566cam a2200229ua 4500 |
| 020 ## - INTERNATIONAL STANDARD BOOK NUMBER | |
| International Standard Book Number | 81-85167-31-1 |
| Terms of availability | 495.00 |
| 041 ## - LANGUAGE CODE | |
| Language code of text/sound track or separate title | eng |
| Language code of original | |
| 082 ## - DEWEY DECIMAL CLASSIFICATION NUMBER | |
| Classification number | 627.02 |
| Item number | JAS/WA |
| 100 ## - MAIN ENTRY--PERSONAL NAME | |
| Personal name | Jaspal, Singh . |
| 245 ## - TITLE STATEMENT | |
| Title | Water management / |
| Statement of responsibility, etc. | Jaspal Singh. |
| Medium | Textual Documents |
| 250 ## - EDITION STATEMENT | |
| Edition statement | 1 / |
| Remainder of edition statement | . |
| 260 ## - PUBLICATION, DISTRIBUTION, ETC. (IMPRINT) | |
| Place of publication, distribution, etc. | : |
| Name of publisher, distributor, etc. | Himanshu publications , |
| Date of publication, distribution, etc. | 1990. |
| 300 ## - PHYSICAL DESCRIPTION | |
| Extent | 288 ; . |
| 365 ## - TRADE PRICE | |
| Price type code | 495.00 |
| 500 ## - GENERAL NOTE | |
| General note | ** Reference |
| 504 ## - BIBLIOGRAPHY, ETC. NOTE | |
| Bibliography, etc | |
| 700 1# - ADDED ENTRY--PERSONAL NAME | |
| Personal name | Acharya, M.S . |
| 700 1# - ADDED ENTRY--PERSONAL NAME | |
| Personal name | Arun, Sharma . |
| 942 ## - ADDED ENTRY ELEMENTS (KOHA) | |
| Koha item type | Books (General) |
| Withdrawn status | Lost status | Damaged status | Not for loan | Home library | Current library | Date acquired | Total Checkouts | Full call number | Barcode | Date last seen | Price effective from | Koha item type |
|---|---|---|---|---|---|---|---|---|---|---|---|---|
| Kelappaji College of Agricultural Engineering & Technology Library, Tavanur | Kelappaji College of Agricultural Engineering & Technology Library, Tavanur | 07/04/2012 | 627.02 | KAU_KCAEFT-17861 | 03/09/2025 | 07/04/2012 | Books (General) | |||||
| Kelappaji College of Agricultural Engineering & Technology Library, Tavanur | Kelappaji College of Agricultural Engineering & Technology Library, Tavanur | 07/04/2012 | 627.02 | KAU_KCAEFT-19471 | 07/04/2012 | 03/09/2025 | Reference Book |
